Loading...
Fine Arts - Classical Music | 3 | 10.00 | 100% | 0% | 0% |
Fine Arts - Other Fine Arts | 4 | 7.50 | 50% | 25% | 0% |
Fine Arts - Painting & Sculpture | 5 | 14.00 | 100% | 20% | 20% |
History - American History | 5 | 14.00 | 80% | 40% | 20% |
History - European History | 3 | 6.67 | 67% | 0% | 0% |
History - Other History | 6 | 11.67 | 83% | 33% | 0% |
History - World History | 4 | 12.50 | 100% | 25% | 0% |
Literature - American Literature | 3 | 13.33 | 100% | 33% | 0% |
Literature - British Literature | 4 | 10.00 | 100% | 0% | 0% |
Literature - European Literature | 6 | 15.00 | 100% | 50% | 0% |
Literature - World Literature | 4 | 12.50 | 100% | 25% | 0% |
Mythology | 4 | 10.00 | 100% | 0% | 0% |
Other | 3 | 13.33 | 67% | 67% | 0% |
Philosophy | 3 | 13.33 | 100% | 33% | 0% |
Religion | 4 | 7.50 | 75% | 0% | 0% |
Science - Biology | 4 | 17.50 | 100% | 50% | 25% |
Science - Chemistry | 3 | 10.00 | 100% | 0% | 0% |
Science - Other Science | 3 | 6.67 | 67% | 0% | 0% |
Science - Physics | 5 | 12.00 | 100% | 20% | 0% |
Social Science | 6 | 13.33 | 83% | 33% | 17% |